Statistiques concernant Villes par satellite n°2

Cliquez ici pour prendre le quiz!

Statistiques générales

  • Ce quiz a été pris 106 fois
  • Le résultat moyen est 6 sur 15

Statistiques - réponses

Réponse% Correct
Paris
99%
New York
68%
Marseille
59%
San Francisco
49%
Toronto
49%
Hong Kong
37%
La Mecque
37%
Tokyo
29%
Le Cap
27%
Seattle
27%
Naples
23%
Saint-Pétersbourg
23%
Lagos
16%
La Nouvelle-Orléans
9%
Manille
8%

Distribution des résultats

Percentile par nombre de réponses

% des personnes avec chaque résultat

Votre développement - résultats

Vous n’avez pas pris ce quiz